Catalog

Record Details

Catalog Search



Gesammelte Schriften / 2. Band Kirchenkampf und Finkenwalde Cover Image Book Book

Gesammelte Schriften / Dietrich Bonhoeffer ; Herausgegeben von Eberhard Bethge 2. Band Kirchenkampf und Finkenwalde

Bonhoeffer, Dietrich (Author). Bethge, Eberhard (Added Author).

Record details

  • Physical Description: 667 s.
  • Publisher: München Chr. Kaiser Verlag 1959

Available copies

  • 1 of 1 copy available at Common Catalog SPOK.

Holds

  • 0 current holds with 1 total copy.
Show Only Available Copies
Location Call Number / Copy Notes Barcode Shelving Location Status Due Date
ETS Library 230.044 424470009574 Volný výběr Available -

LDR 00739nam a2 00241
00143129
003CZ-PrJAB
00520030401000000.0
008010530s1959 xr e |||| |ger
009ge
035 . ‡a(CONS)3089
035 . ‡aKPS8724
040 . ‡aABG450
041 . ‡ager
08214. ‡a230.044
100 . ‡7308 ‡aBonhoeffer, Dietrich
245 . ‡aGesammelte Schriften / ‡cDietrich Bonhoeffer ; Herausgegeben von Eberhard Bethge ‡n2. Band ‡pKirchenkampf und Finkenwalde
260 . ‡aMünchen ‡bChr. Kaiser Verlag ‡c1959
300 . ‡a667 s.
653 . ‡aGesammelte Schriften ‡aKirchenkampf und Finkenwalde
700 . ‡71855 ‡aBethge, Eberhard
8524 . ‡bETS ‡bETS ‡cVolný výběr ‡j230.044 ‡gE ‡p424470009574
910 . ‡aABG450
999 . ‡a3089 ‡bAUTOGEN ‡c3089 ‡tbiblio
905 . ‡uadmin
901 . ‡a43129 ‡b ‡c43129 ‡tbiblio ‡sets

Additional Resources